000 005080000a22001810004500
003 MACL
005 20160309152311.0
008 160309b xxu||||| |||| 00| 0 eng d
040 _aMACL
_cMACL
041 _aHindi
082 _a891.433
100 _aपुणतांवेकर शंकर
_944185
245 _aकलंक रेखा
260 _bजवाहर पुस्‍तकालय
_c1973
_aमथुरा
350 _a6
650 _aNovel
_944186
942 _cHIN
_k891.433
_2ddc
999 _c26945
_d26945